000 00608nam a22002297a 4500
003 UA-OsUOA
001 130879
007 ta
008 20180516b un ||||| |||| 00| 0 ukr d
100 _aСергійчук В. І.
090 _a94(477).15
_bС32
942 _cBK
040 _aUA-OsUOA
_bukr
_cUA-OsUOA
_dUA-OsUOA
245 _aУкраїнці в Імперії
300 _a95 с.
955 _a1
041 _aukr
080 _a94(477).15
260 _aК.
_bФотовідеосервіс
_c1992
650 7 _a9 Географія. Біографії. Історія
_2UDC
999 _c419026
_d419026